LEADER 00842nam a2200217 i 4500 001 000000123771 003 CaOOAMICUS 005 20040304000000.0 008 040304s1969 it u000 u fre u 013 $a96467 040 $aSeMil$bita 100 1 $aMouravieff, Boris.$0(OLS)http://semarc/name/5382 245 10$aCycle exotérique. 300 $a310 p. 500 $aContiene : bibliographie ; centre d'etudes chrétiennes ésotériques. 650 4$aEsoterismo.$0(OLS)http://semarc/subject/2181 773 0 $aMouravieff, Boris$tGnôsis.$dNeuchatel (Suisse) : Édition de la Baconnière, 1965-1972.$gTome$w()11132 850 $aSeMil 852 $aSeMil$W1$xVenegono$y1$m660 90 1 *$j78418$B78418$CSeMilBibl$Z2$F80668 $81 961 $aRecupero: Biblioteca Seminario Saronno 996 $6245$aCycle exotérique$9(OLS)http://semarc/title/182013 LEADER 01393nam a2200277 i 4500 001 000000072279 003 CaOOAMICUS 005 20210329142807.0 008 090707s1981 it u000 u ita u 013 $a43451 040 $aSeMil$bita 100 1 $aRosmini, Antonio,$c.$0(OLS)http://semarc/name/405 245 10$a56: Delle cinque piaghe della Santa Chiesa /$cAntonio Rosmini ; a cura di Alfeo Valle. 264 1$aRoma :$bIstituto di studi filosofici,$c1981. 300 $a319 p. ;$c24 cm. 500 $aParte della sezione: Prose ecclesiastiche - Apologetica 650 4$aRosmini, Antonio . Delle cinque piaghe della Chiesa.$0(OLS)http://semarc/subject/4557 700 1 $aValle, Alfeo.$0(OLS)http://semarc/name/6767 773 0 $aRosmini, Antonio $tOpere edite ed inedite di Antonio Rosmini.$dRoma : Istituto di studi filosofici ; Stresa : Centro internazionale di studi rosminiani ; Roma : Città Nuova, 1975-$g56$w()3371 850 $aSeMil 852 $aSeMil$W1$xVenegono$y1$m2Q V 406$j38432$B38432$CSeMilBibl$Z2$F38435 $81 900 1 $aRosmini Serbati, Antonio. 996 $6245$a56: Delle cinque piaghe della Santa Chiesa$9(OLS)http://semarc/title/429653 996 $6264$aRoma :$bIstituto di studi filosofici$9(OLS)http://semarc/publisher/31165